Zlepšenie výkonových parametrov výrobnej linky pre zadnú kapotu Porsche Cayenne Coupe pomocou simulácie

Salvato in:
Dettagli Bibliografici
Autore principale: Mních, Róbert (Autore)
Altri autori: Važan, Pavel (Relatore della tesi)
Natura: Manoscritto Libro
Lingua:slovacco
Pubblicazione: 2019
Soggetti:
Accesso online:http://is.stuba.sk/zp/portal_zp.pl?podrobnosti=146810
Tags: Aggiungi Tag
Nessun Tag, puoi essere il primo ad aggiungerne!!

MARC

LEADER 00000ntm a22000003a 4500
001 stuzp71914
003 SK-STU
005 20190615211638.5
007 ta
008 150427s2015----xo-----f-mn---000-0-slo-d
040 |a STU  |b slo 
041 0 |a slo 
100 1 |a Mních, Róbert  |u 066000  |k Z4  |4 aut  |U MTF Materiálovotechnologická fakulta  |T MTF Ústav aplikovanej informatiky, automatizácie a mechatroniky  |X 76705  |U M6000  |Y 86  |7 76705 
242 0 1 |a Improvement of output parameters of the production line for rear bonnet of Porsche Cayenne Coupe by simulation  |y eng 
245 1 0 |a Zlepšenie výkonových parametrov výrobnej linky pre zadnú kapotu Porsche Cayenne Coupe pomocou simulácie 
260 |c 2019 
650 4 |a simulácia  |2 slo 
650 4 |a experiment  |2 slo 
650 4 |a výrobná linka  |2 slo 
650 4 |a model  |2 slo 
650 4 |a Witness  |2 slo 
650 4 |a simulation  |2 eng 
650 4 |a experiment  |2 eng 
650 4 |a pruduction line  |2 eng 
650 4 |a model  |2 eng 
650 4 |a Witness  |2 eng 
700 1 |a Važan, Pavel  |u 066000  |k Z1  |4 ths  |U MTF Materiálovotechnologická fakulta  |T MTF Ústav aplikovanej informatiky, automatizácie a mechatroniky  |X 323  |U M6000  |Y 86  |7 A000000323 
856 4 |u http://is.stuba.sk/zp/portal_zp.pl?podrobnosti=146810 
996 |c M* DP-13874  |l MMSKP  |s P  |a 0  |w stuzp71914_0001